|
|
|
|
| LEADER |
00000cam a2200000 7i4500 |
| 001 |
0000093082 |
| 005 |
20231102134953.0 |
| 008 |
|
| 020 |
|
|
|a 9781465419545 (
|q (hardback))
|
| 040 |
|
|
|e rda
|
| 041 |
|
|
|a English
|
| 090 |
0 |
0 |
|a 611
|b HUM
|
| 245 |
1 |
0 |
|a Human anatomy :
|b The definitive visual guide
|
| 264 |
|
1 |
|a London :
|b DK Publishing
|c 2014
|
| 300 |
|
|
|a 256 pages :
|b color illustrations ;
|c 31 cm.
|
| 336 |
|
|
|a text
|2 rdacontent
|
| 337 |
|
|
|a unmediated
|2 rdamedia
|
| 338 |
|
|
|a volume
|2 rdacarrier
|
| 541 |
|
|
|c Purchased on 2023
|f 1245 PUI
|h RM150.00
|
| 650 |
|
0 |
|a Human anatomy
|
| 730 |
0 |
|
|a Title
|
| 999 |
|
|
|a 0001742490
|b Book
|c Adult Collection
|e Perbadanan Perpustakaan Awam Johor
|
| 999 |
|
|
|a 0001742491
|b Book
|c Adult Collection
|e Cawangan Urban Transformation Centre
|
| 999 |
|
|
|a 0001742492
|b Book
|c Adult Collection
|e Cawangan Tmn. Ungku Tun Aminah
|
| 999 |
|
|
|a 0001742493
|b Book
|c Adult Collection
|e Cawangan Mersing
|
| 999 |
|
|
|a 0001742494
|b Book
|c Adult Collection
|e Cawangan Pontian
|
| 999 |
|
|
|a 0001742495
|b Book
|c Adult Collection
|e Cawangan Kota Tinggi
|
| 999 |
|
|
|a 0001742496
|b Book
|c Adult Collection
|e Perbadanan Perpustakaan Awam Johor
|
| 999 |
|
|
|a 0001742497
|b Book
|c Adult Collection
|e Cawangan Bukit Gambir
|
| 999 |
|
|
|a 0001742498
|b Book
|c Adult Collection
|e Cawangan Tangkak
|
| 999 |
|
|
|a 0001742499
|b Book
|c Adult Collection
|e Cawangan Bandar Tenggara
|
| 999 |
|
|
|a 0001742500
|b Book
|c Adult Collection
|e Cawangan Batu Pahat
|
| 999 |
|
|
|a 0001742501
|b Book
|c Adult Collection
|e Cawangan Muar
|
| 999 |
|
|
|a 0001742502
|b Book
|c Adult Collection
|e Cawangan Segamat
|
| 999 |
|
|
|a 0001742503
|b Book
|c Adult Collection
|e Cawangan Taman Sri Lambak
|
| 999 |
|
|
|a 0001742504
|b Book
|c Adult Collection
|e Cawangan Bandar Penawar
|